[Event "Staufer op 33rd"]
[Site "Schwaebisch Gmuend"]
[Date "2023.01.06"]
[Round "9"]
[White "Besou, Hussain"]
[Black "Martin, Stefan"]
[Result "1-0"]
[WhiteElo "2288"]
[BlackElo "2124"]
[PlyCount "117"]
[EventDate "2023.01.02"]
[EventType "swiss"]
[EventRounds "9"]
[EventCountry "GER"]
[SourceTitle "CBM 212 Extra"]
[Source "ChessBase"]
[SourceDate "2023.03.31"]
[SourceVersion "1"]
[SourceVersionDate "2023.03.31"]
[SourceQuality "1"]

1. e4 c5 2. Nf3 Nc6 3. d4 cxd4 4. Nxd4 Nf6 5. Nc3 d6 6. Bg5 e6 7. Qd2 a6 8. 0-0-0 Bd7 9. f4 Be7 10. Nf3 b5 11. Bd3 b4 12. Ne2 0-0 13. e5 dxe5 14. fxe5 Nd5 15. Bxe7 Qxe7 16. Be4 Rac8 17. Nf4 b3 18. axb3 Ncb4 19. c4 Ba4 20. Nxd5 exd5 21. Bxh7+ Kxh7 22. bxa4 Rxc4+ 23. Kb1 Rc2 24. Qd4 Rb8 25. Rd2 Rxd2 26. Qxd2 Qd7 27. b3 Qf5+ 28. Kb2 Nd3+ 29. Ka3 Nc5 30. b4 Nd3 31. Rd1 Nxb4 32. Rc1 Nd3 33. Qc2 Qg6 34. Rd1 Nxe5 35. Qxg6+ Nxg6 36. Ng5+ Kg8 37. Rxd5 f6 38. Ne6 Rb6 39. Nc5 Ne5 40. Rd4 Kf7 41. Rb4 Rd6 42. Rb7+ Kg6 43. Ra7 a5 44. Kb3 f5 45. Rxa5 Rd2 46. Ne6 Ng4 47. h3 Ne3 48. Nf4+ Kf6 49. g3 g5 50. Ra6+ Ke7 51. Ng6+ Kd8 52. h4 g4 53. h5 Rh2 54. Nf4 Nf1 55. h6 Kc7 56. Nd5+ Kb7 57. Rb6+ Ka7 58. a5 Nxg3 59. Ne7 1-0

[Event "Oberliga Baden 2122"]
[Site "Germany"]
[Date "2021.11.14"]
[Round "3.8"]
[White "Raps, Johannes"]
[Black "Martin, Stefan"]
[Result "0-1"]
[WhiteElo "2128"]
[BlackElo "2139"]
[PlyCount "48"]
[EventDate "2021.10.10"]
[EventType "team-tourn"]
[EventRounds "11"]
[EventCountry "GER"]
[SourceTitle "EXT 2023"]
[Source "ChessBase"]
[SourceDate "2022.10.05"]
[SourceVersion "1"]
[SourceVersionDate "2022.10.05"]
[SourceQuality "1"]
[WhiteTeam "Bad Mergentheim"]
[BlackTeam "Viernheim II"]
[WhiteTeamCountry "GER"]
[BlackTeamCountry "GER"]

1. d4 Nf6 2. Nf3 d5 3. e3 e6 4. c4 c5 5. Nc3 Nc6 6. a3 dxc4 7. Bxc4 a6 8. 0-0 b5 9. Ba2 Bb7 10. dxc5 Bxc5 11. b4 Ba7 12. Bb2 0-0 13. Qe2 Ng4 14. Rfd1 Qe7 15. Bb1 f5 16. Ba2 Rf6 17. h3 Rh6 18. Qd3 Nce5 19. Nxe5 Nxe5 20. Qd6 Qg5 21. Nd5 Nf7 22. Qd7 Bxd5 23. Rxd5 Rg6 24. Kf1 Bxe3 0-1

[Event "Oberliga Baden 1819"]
[Site "Baden"]
[Date "2018.12.16"]
[Round "4.7"]
[White "Martin, Stefan"]
[Black "Fischer, Thomas2222"]
[Result "1-0"]
[WhiteElo "2147"]
[BlackElo "2026"]
[PlyCount "93"]
[EventDate "2018.10.21"]
[EventType "team-tourn"]
[EventRounds "9"]
[EventCountry "GER"]
[SourceTitle "EXT 2020"]
[Source "ChessBase"]
[SourceDate "2019.10.17"]
[SourceVersion "1"]
[SourceVersionDate "2019.10.17"]
[SourceQuality "1"]
[WhiteTeam "Viernheim II"]
[BlackTeam "Dreilaendereck"]
[WhiteTeamCountry "GER"]
[BlackTeamCountry "GER"]

1. d4 f5 2. c4 Nf6 3. g3 g6 4. Bg2 Bg7 5. Nd2 0-0 6. b3 c5 7. Bb2 cxd4 8. Ngf3 Nc6 9. Nxd4 Qa5 10. 0-0 Nxd4 11. Bxd4 e5 12. Bb2 e4 13. Qc2 d5 14. cxd5 Qxd5 15. f3 e3 16. Nc4 f4 17. gxf4 Bf5 18. Qc1 Nh5 19. Nxe3 Qe6 20. Bxg7 Kxg7 21. Nxf5+ Rxf5 22. e3 Rc8 23. Qb2+ Kh6 24. Rfe1 Rfc5 25. Re2 Qc6 26. Rae1 Rc3 27. Qd2 Qc5 28. Kf1 Qf5 29. Qd4 Qb5 30. Bh3 R8c5 31. Be6 Rc1 32. Bc4 Rxe1+ 33. Kxe1 Qc6 34. Bd3 Rc1+ 35. Kd2 Rf1 36. Bc4 Qxf3 37. Bd5 Qg4 38. Bxb7 Qg1 39. Kc3 Nxf4 40. Rd2 Rc1+ 41. Kb4 Nh5 42. Bf3 Qe1 43. Ka4 Qg1 44. Qxa7 Re1 45. Bxh5 Kxh5 46. Qxh7+ Kg5 47. Rd5+ 1-0

[Event "Verbandsliga Nordbaden 1617"]
[Site "Baden"]
[Date "2017.04.02"]
[Round "8.4"]
[White "Martin, Stefan"]
[Black "Schulenburg, Bernd"]
[Result "1/2-1/2"]
[WhiteElo "2208"]
[BlackElo "2148"]
[PlyCount "38"]
[EventDate "2016.10.09"]
[EventType "team-tourn"]
[EventRounds "9"]
[EventCountry "GER"]
[SourceTitle "EXT 2022"]
[Source "ChessBase"]
[SourceDate "2021.10.06"]
[SourceVersion "1"]
[SourceVersionDate "2021.10.06"]
[SourceQuality "1"]
[WhiteTeam "Viernheim II"]
[BlackTeam "Heidelberg"]
[WhiteTeamCountry "GER"]
[BlackTeamCountry "GER"]

1. d4 Nf6 2. c4 e6 3. Nf3 b6 4. g3 Ba6 5. Nbd2 Bb4 6. a3 Bxd2+ 7. Nxd2 Bb7 8. f3 c5 9. Nb3 d6 10. Bg2 0-0 11. 0-0 Nc6 12. f4 cxd4 13. Nxd4 Na5 14. Bxb7 Nxb7 15. b3 Rc8 16. Bb2 d5 17. cxd5 Qxd5 18. Rf3 Qe4 19. Qd3 Nc5 1/2-1/2

[Event "Verbandsliga Nordbaden 1617"]
[Site "Baden"]
[Date "2017.02.12"]
[Round "6.2"]
[White "Martin, Stefan"]
[Black "Pfrommer, Christoph"]
[Result "1/2-1/2"]
[WhiteElo "2208"]
[BlackElo "2310"]
[PlyCount "36"]
[EventDate "2016.10.09"]
[EventType "team-tourn"]
[EventRounds "9"]
[EventCountry "GER"]
[SourceTitle "EXT 2022"]
[Source "ChessBase"]
[SourceDate "2021.10.06"]
[SourceVersion "1"]
[SourceVersionDate "2021.10.06"]
[SourceQuality "1"]
[WhiteTeam "Viernheim II"]
[BlackTeam "Karlsruhe"]
[WhiteTeamCountry "GER"]
[BlackTeamCountry "GER"]

1. d4 d5 2. c4 e6 3. Nc3 Bb4 4. Nf3 Nf6 5. Bg5 h6 6. Bxf6 Qxf6 7. e3 0-0 8. Rc1 dxc4 9. Bxc4 c5 10. 0-0 cxd4 11. Nxd4 Bd7 12. Qb3 Nc6 13. Nxc6 Bxc3 14. Rxc3 Bxc6 15. Bb5 Bd5 16. Bc4 Bc6 17. Bb5 Bd5 18. Bc4 Bc6 1/2-1/2

[Event "BL2-Sued 1516"]
[Site "Germany"]
[Date "2015.11.15"]
[Round "3.6"]
[White "Plenca, Jadranko"]
[Black "Martin, Stefan"]
[Result "1-0"]
[WhiteElo "2379"]
[BlackElo "2185"]
[PlyCount "87"]
[EventDate "2015.09.20"]
[EventType "team-tourn"]
[EventRounds "9"]
[EventCountry "GER"]
[SourceTitle "EXT 2017"]
[Source "ChessBase"]
[SourceDate "2016.10.25"]
[SourceVersion "1"]
[SourceVersionDate "2016.10.25"]
[SourceQuality "1"]
[WhiteTeam "Schoenaich"]
[BlackTeam "Viernheim"]
[WhiteTeamCountry "GER"]
[BlackTeamCountry "GER"]

1. e4 c5 2. Nf3 Nc6 3. Bb5 e6 4. 0-0 Nge7 5. c3 a6 6. Ba4 d5 7. exd5 Qxd5 8. d4 b5 9. c4 bxc4 10. Nc3 Qh5 11. Ne5 Qxd1 12. Rxd1 Bd7 13. Nxd7 Kxd7 14. Bf4 Nd5 15. dxc5 Rc8 16. Nxd5 exd5 17. Rxd5+ Ke6 18. Rad1 Be7 19. Bd6 Bf6 20. R5d2 Ne5 21. Re2 Kf5 22. Rd5 Ke6 23. Rdxe5+ Bxe5 24. Rxe5+ Kf6 25. Re3 Rhg8 26. Bd7 Ra8 27. c6 g5 28. c7 Kg6 29. Rc3 Rge8 30. Bxe8 Rxe8 31. Kf1 Rc8 32. Rxc4 Kf6 33. h4 h6 34. Bg3 Ke7 35. Rc6 gxh4 36. Bf4 Kd7 37. Rxh6 a5 38. Rxh4 Re8 39. Rh5 a4 40. Rd5+ Kc8 41. Rb5 Kd7 42. Rb8 Rc8 43. Rxc8 Kxc8 44. g4 1-0

[Event "Rhein Main op-A 18th"]
[Site "Bad Homburg"]
[Date "2015.06.05"]
[Round "4"]
[White "Geshnizjani, Ramin Tobias"]
[Black "Martin, Stefan"]
[Result "1/2-1/2"]
[WhiteElo "2081"]
[BlackElo "2199"]
[PlyCount "99"]
[EventDate "2015.06.03"]
[EventType "swiss"]
[EventRounds "7"]
[EventCountry "GER"]
[SourceTitle "CBM 167 Extra"]
[Source "ChessBase"]
[SourceDate "2015.09.14"]
[SourceVersion "1"]
[SourceVersionDate "2015.09.14"]
[SourceQuality "1"]

1. e4 c5 2. c3 Nf6 3. e5 Nd5 4. d4 cxd4 5. cxd4 d6 6. Nf3 Nc6 7. Bc4 Nb6 8. Bb5 dxe5 9. Nxe5 Bd7 10. Nxd7 Qxd7 11. Nc3 a6 12. Bxc6 bxc6 13. Qb3 Nd5 14. Nxd5 cxd5 15. 0-0 e6 16. Bf4 Bd6 17. Bxd6 Qxd6 18. Rfc1 0-0 19. Rc5 Rfb8 20. Qc3 Rb6 21. b4 Rab8 22. a3 g6 23. g3 Kg7 24. Rc1 Qd8 25. h4 Qf6 26. Qd2 Rb5 27. Kg2 Qf5 28. R1c3 Qe4+ 29. f3 Qf5 30. g4 Qf6 31. Rc1 h6 32. Kg3 g5 33. hxg5 hxg5 34. f4 gxf4+ 35. Qxf4 Rxc5 36. Rxc5 Rb5 37. g5 Qg6 38. Kg4 f5+ 39. Kg3 Rxc5 40. bxc5 Qh5 41. Qh4 Qe2 42. Qh6+ Kg8 43. Qg6+ Kh8 44. Qf6+ Kg8 45. Qe5 Qg4+ 46. Kf2 Qh4+ 47. Ke2 Qg4+ 48. Kf2 Qh4+ 49. Ke2 Qg4+ 50. Kf2 1/2-1/2

[Event "Verbandsliga Nordbaden 1415"]
[Site "Baden"]
[Date "2015.03.01"]
[Round "7.2"]
[White "Martin, Stefan"]
[Black "Beer, Markus"]
[Result "1/2-1/2"]
[WhiteElo "2188"]
[BlackElo "2016"]
[PlyCount "80"]
[EventDate "2014.10.12"]
[EventType "team-tourn"]
[EventRounds "9"]
[EventCountry "GER"]
[SourceTitle "EXT 2022"]
[Source "ChessBase"]
[SourceDate "2021.10.06"]
[SourceVersion "1"]
[SourceVersionDate "2021.10.06"]
[SourceQuality "1"]
[WhiteTeam "Viernheim II"]
[BlackTeam "Eppingen III"]
[WhiteTeamCountry "GER"]
[BlackTeamCountry "GER"]

1. d4 d5 2. c4 c6 3. Nf3 Nf6 4. Nc3 e6 5. Bg5 Nbd7 6. e3 Bd6 7. Bd3 dxc4 8. Bxc4 b5 9. Be2 a6 10. 0-0 0-0 11. a4 Bb7 12. Ne4 Be7 13. Nxf6+ Bxf6 14. Bxf6 Qxf6 15. Qb3 Rab8 16. Rfc1 Rfc8 17. Qb4 c5 18. dxc5 bxa4 19. Qd4 Qxd4 20. exd4 Bxf3 21. Bxf3 Rb4 22. Rd1 Nb8 23. Rd2 Nc6 24. Bxc6 Rxc6 25. f4 h5 26. Kf2 Kh7 27. Ra3 a5 28. Rh3 Kg6 29. Rc3 Kf6 30. g3 Rc8 31. Ke3 g6 32. c6 Ke7 33. Rdc2 Rc7 34. Rc5 Kd6 35. Kd3 Rb6 36. Rxa5 Rb3+ 37. Ke2 Rb4 38. Ke3 Rb3+ 39. Kd2 Rb4 40. Kd3 Rb3+ 1/2-1/2

[Event "BL2-Sued 1213"]
[Site "Germany"]
[Date "2013.02.24"]
[Round "7.7"]
[White "Martin, Stefan"]
[Black "Zude, Erik"]
[Result "0-1"]
[WhiteElo "2166"]
[BlackElo "2395"]
[PlyCount "52"]
[EventDate "2012.10.14"]
[EventType "team-tourn"]
[EventRounds "9"]
[EventCountry "GER"]
[SourceTitle "CBM 154 Extra"]
[Source "ChessBase"]
[SourceDate "2013.06.25"]
[SourceVersion "2"]
[SourceVersionDate "2013.06.25"]
[SourceQuality "1"]
[WhiteTeam "Viernheim"]
[BlackTeam "Hofheim"]
[WhiteTeamCountry "GER"]
[BlackTeamCountry "GER"]

1. d4 d6 2. e4 Nf6 3. f3 e5 4. d5 Be7 5. Be3 0-0 6. Qd2 c6 7. c4 b5 8. cxb5 cxd5 9. exd5 Bb7 10. Bc4 Nbd7 11. Nc3 Nb6 12. Bb3 a6 13. bxa6 Bxa6 14. Nge2 Rb8 15. 0-0 Bc4 16. Rfd1 g6 17. Qe1 Nbxd5 18. Nxd5 Nxd5 19. Bh6 Bxb3 20. axb3 Qb6+ 21. Qf2 Qxb3 22. Bxf8 Bxf8 23. Nc3 Nf4 24. Ne4 Rc8 25. Qh4 Qxb2 26. Qg5 Be7 0-1

[Event "Nuremberg LGA Cup 9th"]
[Site "Nuremberg"]
[Date "2012.09.07"]
[Round "3"]
[White "Martin, Stefan"]
[Black "Richter, Christian"]
[Result "0-1"]
[WhiteElo "2166"]
[BlackElo "2362"]
[PlyCount "66"]
[EventDate "2012.09.06"]
[EventType "swiss"]
[EventRounds "7"]
[EventCountry "GER"]
[SourceTitle "CBM 150 Extra"]
[Source "ChessBase"]
[SourceDate "2012.10.19"]
[SourceVersion "1"]
[SourceVersionDate "2012.10.19"]
[SourceQuality "1"]

1. d4 Nf6 2. c4 g6 3. Nc3 Bg7 4. e4 d6 5. f3 Nc6 6. Nge2 0-0 7. Be3 a6 8. Qd2 Rb8 9. Nc1 e5 10. d5 Nd4 11. N1e2 Nxe2 12. Bxe2 Nh5 13. 0-0-0 f5 14. Bd3 Nf4 15. Bc2 b5 16. c5 b4 17. Na4 a5 18. g3 Nh5 19. Qg2 Nf6 20. h3 fxe4 21. Bxe4 Nxe4 22. fxe4 Ba6 23. Rd2 Bb5 24. b3 Bxa4 25. bxa4 dxc5 26. Rc2 Qd7 27. Bxc5 Bh6+ 28. Kb1 Rfe8 29. Rf2 Qxa4 30. Qf3 b3 31. a3 Rf8 32. Qd3 Rxf2 33. Bxf2 Qxa3 0-1

[Event "Pfalz op 03rd"]
[Site "Neustadt an der Weinstrasse"]
[Date "2012.03.03"]
[Round "6"]
[White "Jurkic, Bosiljko"]
[Black "Martin, Stefan"]
[Result "1/2-1/2"]
[WhiteElo "2036"]
[BlackElo "2198"]
[PlyCount "76"]
[EventDate "2012.02.17"]
[EventType "swiss"]
[EventRounds "9"]
[EventCountry "GER"]
[SourceTitle "EXT 2013"]
[Source "ChessBase"]
[SourceDate "2012.11.22"]
[SourceVersion "1"]
[SourceVersionDate "2012.11.22"]
[SourceQuality "1"]

1. e4 c5 2. Nf3 d6 3. Bb5+ Bd7 4. Bxd7+ Nxd7 5. 0-0 Ngf6 6. Re1 e6 7. Nc3 Be7 8. d3 0-0 9. a4 b6 10. d4 cxd4 11. Nxd4 Qc7 12. Ncb5 Qb7 13. Bf4 Ne5 14. Bg5 a6 15. Nc3 h6 16. Bh4 Rac8 17. f4 Ng6 18. Bg3 e5 19. Nde2 Nxe4 20. f5 Nh4 21. Bxh4 Bxh4 22. Rf1 Bg5 23. Nxe4 Qxe4 24. Nc3 Qd4+ 25. Kh1 Bd2 26. Ne2 Qxb2 27. f6 Qxc2 28. fxg7 Kxg7 29. Ng3 Qxd1 30. Raxd1 Bb4 31. Nf5+ Kh7 32. Rf3 Rc3 33. Rxc3 Bxc3 34. Rxd6 Rb8 35. Rxh6+ Kg8 36. Ne7+ Kg7 37. Nf5+ Kg8 38. Ne7+ Kg7 1/2-1/2

[Event "Pfalz op 03rd"]
[Site "Neustadt an der Weinstrasse"]
[Date "2012.02.20"]
[Round "3"]
[White "Martin, Stefan"]
[Black "Solomunovic, Igor"]
[Result "0-1"]
[WhiteElo "2198"]
[BlackElo "2421"]
[PlyCount "82"]
[EventDate "2012.02.17"]
[EventType "swiss"]
[EventRounds "9"]
[EventCountry "GER"]
[SourceTitle "EXT 2013"]
[Source "ChessBase"]
[SourceDate "2012.11.22"]
[SourceVersion "1"]
[SourceVersionDate "2012.11.22"]
[SourceQuality "1"]

1. d4 Nf6 2. c4 g6 3. Nc3 Bg7 4. e4 d6 5. f3 0-0 6. Be3 c5 7. Nge2 Nc6 8. d5 Ne5 9. Ng3 e6 10. Be2 exd5 11. cxd5 a6 12. a4 h5 13. 0-0 Nh7 14. Qd2 h4 15. Nh1 f5 16. Nf2 Bd7 17. f4 Nf7 18. e5 dxe5 19. Bxc5 Re8 20. fxe5 Bxe5 21. d6 Rc8 22. Ba3 Qg5 23. Qxg5 Nhxg5 24. Nd5 Kg7 25. Nb6 Rcd8 26. Rfd1 Bxh2+ 27. Kf1 Bc6 28. d7 Bxg2+ 29. Kxg2 Rxe2 30. Re1 Rxe1 31. Rxe1 Bc7 32. Be7 Bxb6 33. Bxd8 Nxd8 34. Re8 Nge6 35. Nd3 a5 36. Ne5 Bc7 37. Nc4 Kf6 38. Ne3 Nf4+ 39. Kf3 h3 40. Rh8 Nf7 41. Rh4 Ne5+ 0-1

[Event "Pfalz op 03rd"]
[Site "Neustadt an der Weinstrasse"]
[Date "2012.02.17"]
[Round "1"]
[White "Hoehler, Waldemar"]
[Black "Martin, Stefan"]
[Result "0-1"]
[WhiteElo "1927"]
[BlackElo "2198"]
[PlyCount "86"]
[EventDate "2012.02.17"]
[EventType "swiss"]
[EventRounds "9"]
[EventCountry "GER"]
[SourceTitle "EXT 2013"]
[Source "ChessBase"]
[SourceDate "2012.11.22"]
[SourceVersion "1"]
[SourceVersionDate "2012.11.22"]
[SourceQuality "1"]

1. Nf3 d5 2. b3 Nf6 3. Bb2 e6 4. g3 c5 5. Bg2 Nc6 6. 0-0 b6 7. e3 Ba6 8. d3 Qc7 9. c4 Rd8 10. Qe2 Be7 11. Rd1 0-0 12. Na3 e5 13. Nh4 Bc8 14. Nb5 Qb8 15. cxd5 Nxd5 16. Nf3 Ba6 17. a4 Bf6 18. Ne1 Na5 19. Ra3 Nc7 20. Nxc7 Qxc7 21. Qc2 Qd6 22. Raa1 Qe6 23. Ra3 Rd6 24. Be4 g6 25. h4 Bg7 26. Bc3 Nc6 27. Raa1 Rfd8 28. Bg2 Nb4 29. Bxb4 cxb4 30. Rac1 Rc8 31. Qb2 Rxc1 32. Rxc1 Bxd3 33. Nxd3 Rxd3 34. Rc4 Bf8 35. Bf1 Rd1 36. Qc2 Qd5 37. Qe2 Bc5 38. h5 Kg7 39. Kh2 Rd2 40. Qe1 e4 41. Qa1+ Kh6 42. Qe1 Qxh5+ 43. Kg1 Rd1 0-1

[Event "St Leon Rot op"]
[Site "St Leon Rot"]
[Date "2011.12.28"]
[Round "3"]
[White "Martin, Stefan"]
[Black "Roettig, Hans Peter"]
[Result "1-0"]
[WhiteElo "2198"]
[BlackElo "2059"]
[PlyCount "83"]
[EventDate "2011.12.27"]
[EventType "swiss"]
[EventRounds "7"]
[EventCountry "GER"]
[SourceTitle "CBM 146 Extra"]
[Source "ChessBase"]
[SourceDate "2012.02.29"]
[SourceVersion "1"]
[SourceVersionDate "2012.02.29"]
[SourceQuality "1"]

1. d4 f5 2. Nf3 Nf6 3. c4 d6 4. g3 g6 5. Bg2 Bg7 6. 0-0 0-0 7. Nc3 c6 8. d5 e5 9. dxe6 Bxe6 10. b3 Na6 11. Bb2 Qe7 12. Ng5 Nc5 13. Nxe6 Qxe6 14. Qc2 Rad8 15. Rad1 Rfe8 16. b4 Nce4 17. Nxe4 Nxe4 18. Bxg7 Kxg7 19. Rd3 d5 20. Rfd1 Nf6 21. e3 Rd7 22. cxd5 cxd5 23. Rd4 Red8 24. Qb3 Ne4 25. f3 Nf6 26. e4 fxe4 27. fxe4 Qb6 28. exd5 Nxd5 29. Kh1 Nf6 30. Rxd7+ Rxd7 31. Rxd7+ Nxd7 32. Qd5 Qc7 33. Qd4+ Nf6 34. Qxa7 Qc1+ 35. Qg1 Qb2 36. Qe1 h6 37. a4 Ng4 38. h3 Nf2+ 39. Kh2 Nd3 40. Qe7+ Kg8 41. Qd8+ Kg7 42. Qxd3 1-0

[Event "BL2-Sued 1011"]
[Site "Germany"]
[Date "2011.04.11"]
[Round "9.7"]
[White "Nekrasov, Mihail"]
[Black "Martin, Stefan"]
[Result "1-0"]
[WhiteElo "2382"]
[BlackElo "2203"]
[PlyCount "117"]
[EventDate "2010.10.10"]
[EventType "team-tourn"]
[EventRounds "9"]
[EventCountry "GER"]
[SourceTitle "EXT 2012"]
[Source "ChessBase"]
[SourceDate "2011.11.24"]
[SourceVersion "1"]
[SourceVersionDate "2011.11.24"]
[SourceQuality "1"]
[WhiteTeam "Hockenheim"]
[BlackTeam "Viernheim"]
[WhiteTeamCountry "GER"]
[BlackTeamCountry "GER"]

1. e4 c5 2. Nf3 Nc6 3. Bb5 g6 4. Bxc6 dxc6 5. d3 Bg7 6. h3 b6 7. Nc3 Nh6 8. Be3 f6 9. Qd2 Nf7 10. 0-0 e5 11. a3 Be6 12. b4 cxb4 13. axb4 0-0 14. Ra4 Qc7 15. Rfa1 Nd6 16. Ra6 Nc8 17. Qc1 Rb8 18. R1a3 Rf7 19. Qf1 Bf8 20. Qb1 Rb7 21. Ra1 Qd6 22. R6a4 Rbc7 23. d4 exd4 24. Nxd4 b5 25. Ra6 Qxb4 26. Nxe6 Qxc3 27. Nxc7 Rxc7 28. Qb3+ Qxb3 29. cxb3 c5 30. Rc1 Kf7 31. Ra5 c4 32. Rxb5 c3 33. b4 a6 34. Ra5 Rc6 35. Bc5 Nd6 36. Rxc3 Nxe4 37. Rca3 Bxc5 38. bxc5 Rxc5 39. Rxc5 Nxc5 40. Ra5 Ne6 41. Rxa6 g5 42. g3 Nd4 43. Ra4 Nf5 44. Kg2 h5 45. Kf3 Kg6 46. Ra6 Nh6 47. Ke4 Nf7 48. Ra8 Nd6+ 49. Kd5 Nf5 50. Ra7 Nh6 51. Ke6 Nf5 52. Ra6 Nd4+ 53. Ke7 Nf5+ 54. Kf8 Nd4 55. Rb6 Nf5 56. g4 hxg4 57. hxg4 Nh6 58. f3 Nf7 59. Ke7 1-0

[Event "BL2-Sued 1011"]
[Site "Germany"]
[Date "2011.02.06"]
[Round "6.8"]
[White "Roos, Jean Luc"]
[Black "Martin, Stefan"]
[Result "1-0"]
[WhiteElo "2240"]
[BlackElo "2203"]
[PlyCount "69"]
[EventDate "2010.10.10"]
[EventType "team-tourn"]
[EventRounds "9"]
[EventCountry "GER"]
[SourceTitle "EXT 2012"]
[Source "ChessBase"]
[SourceDate "2011.11.24"]
[SourceVersion "1"]
[SourceVersionDate "2011.11.24"]
[SourceQuality "1"]
[WhiteTeam "Heidelberg Handschuhsheim"]
[BlackTeam "Viernheim"]
[WhiteTeamCountry "GER"]
[BlackTeamCountry "GER"]

1. d4 Nf6 2. c4 e6 3. Nc3 d5 4. Nf3 Bb4 5. e3 0-0 6. a3 Bxc3+ 7. bxc3 c5 8. Bd3 Nc6 9. 0-0 b6 10. Bb2 Ba6 11. cxd5 Bxd3 12. Qxd3 exd5 13. dxc5 bxc5 14. c4 dxc4 15. Qxc4 Na5 16. Qa4 Nb7 17. Rfd1 Qe7 18. Be5 Rfd8 19. Rxd8+ Qxd8 20. Rb1 Qd5 21. h3 Nd8 22. Bxf6 gxf6 23. Rd1 Qe6 24. Qa5 Qe7 25. Nh4 Ne6 26. Nf5 Qc7 27. Qa4 Qe5 28. Rd5 Qa1+ 29. Kh2 Kh8 30. Nd6 Ng5 31. h4 Qa2 32. Rf5 Qe6 33. Qf4 Rg8 34. hxg5 fxg5 35. Qe5+ 1-0